000 00433nam a22001817a 4500
003 MPLRDC
005 20220104114216.0
008 210129b ||||| |||| 00| 0 eng d
020 _a7-5363-0147-Z
082 _a857.63 ZSL
100 _a曾仕龙
245 _a苗王传奇
_c
250 _a一版二刷
260 _a
_b广西民族出版社
_c1987
300 _b
650 _a短篇小说--别集
942 _cBK
_o857.63 ZSL
999 _c5688
_d5678